<?xml version="1.0" encoding="UTF-8"?><?xml-stylesheet type="text/xsl" href="static/style.xsl"?><OAI-PMH xmlns="http://www.openarchives.org/OAI/2.0/" xmlns:xsi="http://www.w3.org/2001/XMLSchema-instance" xsi:schemaLocation="http://www.openarchives.org/OAI/2.0/ http://www.openarchives.org/OAI/2.0/OAI-PMH.xsd"><responseDate>2026-05-03T10:08:57Z</responseDate><request verb="GetRecord" identifier="oai:repisalud.isciii.es:20.500.12105/27448" metadataPrefix="marc">https://repisalud.isciii.es/rest/oai/request</request><GetRecord><record><header><identifier>oai:repisalud.isciii.es:20.500.12105/27448</identifier><datestamp>2026-04-28T00:16:34Z</datestamp><setSpec>com_20.500.12105_19604</setSpec><setSpec>com_20.500.12105_2051</setSpec><setSpec>col_20.500.12105_19605</setSpec></header><metadata><record xmlns="http://www.loc.gov/MARC21/slim" xmlns:dcterms="http://purl.org/dc/terms/" xmlns:doc="http://www.lyncode.com/xoai" xmlns:xsi="http://www.w3.org/2001/XMLSchema-instance" xsi:schemaLocation="http://www.loc.gov/MARC21/slim http://www.loc.gov/standards/marcxml/schema/MARC21slim.xsd">
   <leader>00925njm 22002777a 4500</leader>
   <datafield ind2=" " ind1=" " tag="042">
      <subfield code="a">dc</subfield>
   </datafield>
   <datafield ind2=" " ind1=" " tag="720">
      <subfield code="a">Díaz-Guerra, Anabel</subfield>
      <subfield code="e">author</subfield>
   </datafield>
   <datafield ind2=" " ind1=" " tag="720">
      <subfield code="a">Clemente-Moragón, Agustín</subfield>
      <subfield code="e">author</subfield>
   </datafield>
   <datafield ind2=" " ind1=" " tag="720">
      <subfield code="a">Pollán, Ángela</subfield>
      <subfield code="e">author</subfield>
   </datafield>
   <datafield ind2=" " ind1=" " tag="720">
      <subfield code="a">López-Palomar, Lucía</subfield>
      <subfield code="e">author</subfield>
   </datafield>
   <datafield ind2=" " ind1=" " tag="720">
      <subfield code="a">Cádiz, Laura</subfield>
      <subfield code="e">author</subfield>
   </datafield>
   <datafield ind2=" " ind1=" " tag="720">
      <subfield code="a">Ibáñez, Borja</subfield>
      <subfield code="e">author</subfield>
   </datafield>
   <datafield ind2=" " ind1=" " tag="260">
      <subfield code="c">2026-04</subfield>
   </datafield>
   <datafield ind2=" " ind1=" " tag="520">
      <subfield code="a">Anthracyclines remain a cornerstone of treatment for many cancer types; however, their cardiotoxic potential leads to cardiac dysfunction in a substantial proportion of patients, ultimately compromising long-term quality of life. Few strategies have proven effective in preventing anthracycline-induced cardiotoxicity (AIC). Among them, remote ischemic conditioning (RIC) has emerged as one of the most promising, having shown robust cardioprotective potential in preclinical studies and currently being evaluated in clinical trials. However, it remains unclear whether this intervention, while protecting the heart, could also inadvertently protect tumors from the cytotoxic effects of anthracyclines, thereby reducing their antitumor efficacy. In this study, we investigated whether RIC protects against AIC in a tumor-bearing mouse model, allowing simultaneous assessment of both cardiac and tumoral responses. Cutaneous tumors were induced in CD1 mice using a DMBA/TPA protocol, followed by five weekly intraperitoneal injections of doxorubicin (5 mg/kg). Mice bearing tumors were randomized to receive doxorubicin alone or in combination with weekly RIC (three cycles of 5 min hindlimb ischemia/reperfusion). Longitudinal echocardiography was used to assess cardiac function, while tumor growth, survival, and body weight were monitored throughout the protocol. Doxorubicin treatment reduced overall survival, inhibited tumor growth, and induced left ventricular systolic dysfunction and cardiac atrophy compared with untreated controls. RIC preserved left ventricular ejection fraction, partially attenuated early left ventricular atrophy, and showed a trend towards improved survival, without attenuating the antitumor efficacy of doxorubicin, as tumor suppression remained comparable between treatment groups. These findings demonstrate that RIC preserves cardiac systolic function during anthracycline chemotherapy in tumor-bearing mice without impairing the antitumor efficacy of the drug. The results support RIC as a simple, safe, and low-cost non-pharmacological strategy to mitigate AIC with potential translational relevance for oncology patients.</subfield>
   </datafield>
   <datafield ind1="8" ind2=" " tag="024">
      <subfield code="a">Basic Res Cardiol. 2026 Apr;121(2):211-225.</subfield>
   </datafield>
   <datafield ind1="8" ind2=" " tag="024">
      <subfield code="a">Basic Research in Cardiology</subfield>
   </datafield>
   <datafield ind1="8" ind2=" " tag="024">
      <subfield code="a">41686252</subfield>
   </datafield>
   <datafield ind1="8" ind2=" " tag="024">
      <subfield code="a">https://hdl.handle.net/20.500.12105/27448</subfield>
   </datafield>
   <datafield tag="653" ind2=" " ind1=" ">
      <subfield code="a">Anthracyclines</subfield>
   </datafield>
   <datafield tag="653" ind2=" " ind1=" ">
      <subfield code="a">Cancer</subfield>
   </datafield>
   <datafield tag="653" ind2=" " ind1=" ">
      <subfield code="a">Cardio-oncology</subfield>
   </datafield>
   <datafield tag="653" ind2=" " ind1=" ">
      <subfield code="a">Cardiotoxicity</subfield>
   </datafield>
   <datafield tag="653" ind2=" " ind1=" ">
      <subfield code="a">Doxorubicin</subfield>
   </datafield>
   <datafield tag="653" ind2=" " ind1=" ">
      <subfield code="a">Remote conditioning</subfield>
   </datafield>
   <datafield ind2="0" ind1="0" tag="245">
      <subfield code="a">Remote ischemic conditioning protects against anthracycline cardiotoxicity without impairing its antitumor activity.</subfield>
   </datafield>
</record></metadata></record></GetRecord></OAI-PMH>